| 000 | 00662cam a2200205 a 4500 | ||
|---|---|---|---|
| 001 | 000004251 | ||
| 005 | 20200929151422.0 | ||
| 008 | 960422s1987 ve a 001 0 spa | ||
| 020 | _a9803000063 | ||
| 040 |
_aDO-SdBNP _cDLC _dDLC |
||
| 082 |
_a796.3570 _bA627s |
||
| 100 | 1 |
_aAntero Núñez, José. _912564 |
|
| 245 | 1 | 0 |
_aSeries del Caribe / _cJosé Antero Núñez. |
| 260 |
_aCaracas : _b[Urbina], _c1987. |
||
| 300 |
_a530 p. : _bil. ; _c22 cm. |
||
| 504 | _aIncluye referencias bibliográficas. | ||
| 650 | 4 |
_aBaseball _zArea Del Caribe _xHistoria _912565 |
|
| 611 | 2 | 4 |
_aCARIBE SERIE MUNDIAL (Baseball) _xHISTORIA _912566 |
| 910 | _aCatalogación por copia / LC | ||
| 999 |
_c4065 _d4065 |
||